| 000 | 00676nam a2200217Ia 4500 | ||
|---|---|---|---|
| 005 | 20250508155230.0 | ||
| 008 | 008 250505s9999 xx 000 0 eng d | ||
| 037 | _aBooks to be hide in OPAC | ||
| 040 |
_aFEDL _beng _cFEDL |
||
| 041 |
_aeng _2eng |
||
| 084 |
_a491.43, NCE/O _qFEDL |
||
| 100 | _aBasu A N | ||
| 245 | 0 | _aStudy in the vocabulary of hindi primers | |
| 245 | 0 | _cC. I. E. Studies in Education and Psychology | |
| 260 |
_aDelhi, India _bCentral Institute of Education _c1956 |
||
| 300 | _a20p. | ||
| 546 | _aPublication number 10 | ||
| 700 |
_a Malhotra M K Bahadur Bir _9766792 |
||
| 942 |
_cHB _h491.43, NCE/O |
||
| 999 |
_c1355375 _d1355375 |
||